000 00604cam a22002293a 4500
001 29766
003 PGUSA
005 20140828083637.0
008 090823s2009||||xxu|||||s|||||000 1 eng d
040 _aPGUSA
_beng
042 _adc
050 4 _aPR
100 1 _aSinclair, May,
_d1863-1946
245 1 0 _aAudrey Craven
_h[electronic resource] /
_cMay Sinclair
260 _bProject Gutenberg,
_c2009
506 _aPublic domain in the USA.
516 _aElectronic text
653 _aFiction
830 0 _aProject Gutenberg
_v29766
856 4 0 _uhttp://www.gutenberg.org/ebooks/29766
942 _cEB
999 _c259021
_d259021